000 00459nam a22002057a 4500
001 25489
005 20260424083717.0
008 260424b |||||||| |||| 00| 0 spa d
041 _aESP
082 _a742
_bS21
100 _aSanmiguel, David
245 _aDibujo de perspectiva
260 _a :
_b ,
_c2015
300 _a143 páginas :
_b ;
_c30 cm.
440 _a ;
650 _aADE
654 _aCAU
700 _a;
942 _cLIB
_dJUS
_fJUS
_n0
_2ddc
999 _c25489
_d25489